000 00398nam a22001337a 4500
020 _a9780521707763
082 _222
_a808.042
100 _aAnderson, Kenneth ...[et al.].
245 _aStudy speaking a course in spoken english for academic purpose /
250 _a2nd.
260 _aUnited Kingdom,
_bCambridge University Press,
_cc2004.
300 _a224p. ;
_bill. ;
_c24 cm.
_eCD
942 _2ddc
_cENG
999 _c1921
_d1921